000 00910nam a2200265Ia 4500
005 20250425162123.0
008 250425s9999 xx 000 0 und d
020 _a9701002563
041 _aspa
082 _a530.141
100 _aEDMINISTER, JOSEPH A.
245 0 _aELECTROMAGNETISMO
250 _a1A ED.
260 _aMEXICO
260 _aMéxico
_bMCGRAW HILL
_c1992
300 _a202
500 _aEN CIBGZ-FIMCP 50032 Y 50035. COLECCION SCHAUM
520 _aCOMPLEMENTO A CUALQUIER TEXTO INTRODUCTORIO DE ELECTROMAGNETISMO PARA INGENIEROS. CADA CAPITULO CONTIENE PROBLEMAS CON SUS SOLUCIONES DETALLADAS Y OFRECE TAMBIEN UNA SERIE DE PROBLEMAS SUPLEMENTARIOS CON LAS RESPUESTAS, ESTE LIBRO ES VENTAJOSO PARA EL EST
650 _aANALISIS VECTORIAL
650 _aELECTROMAGNETISMO
650 _aLEY DE GAUSS
700 _aPEDRO ALBARRACIN
_etraductor
942 _c01
010 _a51200
999 _c222741
_d222741